La economía del despegue hacia el crecimiento autosostenido (Registro nro. 6845)

Detalles MARC
000 -ENCABEZADO
Número de control [NR] 00920nam a2200229Ia 4500
005 - FECHA Y HORA DE LA ÚLTIMA TRANSACCIÓN
control field 20240529095005.0
008 - DE LONGITUD FIJA DE DATOS DE ELEMENTOS - INFORMACIÓN GENERAL
Elementos de longitud fija [NR] 130821s1967 sp gr spa
040 ## - FUENTE DE CATALOGACION [NR]
Agencia de catalogación original [NR] Co-BoUCM
Idioma de catalogación [NR] spa
Quien Cataloga David Moreno (modificó)
Quien Clasifica David Moreno (modificó)
041 ## - CODIGO DE IDIOMA [R]
Código de idioma para texto/pista de sonido o título separado [R] Español
245 03 - MENCION DE TITULO [NR]
Título [NR] La economía del despegue hacia el crecimiento autosostenido
Mención de responsabilidad, etc. [NR] S. Kuznets...[et al.] ; [editado por] ]W. W. Rostow ; traducción de Carlos Muñoz Linares
260 ## - PUBLICACION, DISTRIBUCION, ETC. (PIE DE IMPRENTA) [R]
Lugar de publicación, distribución, etc. [R] Madrid (España)
Nombre del editor, distribuidor, etc. [R] Alianza
Fecha de publicación, distribución, etc. [R] 1967
300 ## - DESCRIPCION FISICA [R]
Extensión [R] 527 Páginas
650 04 - ASIENTO SECUNDARIO DE MATERIA - TERMINO TEMATICO [R]
Término temático o nombre geográfico como elemento de entrada [NR] Bienestar social
9 (RLIN) 10081
650 04 - ASIENTO SECUNDARIO DE MATERIA - TERMINO TEMATICO [R]
Término temático o nombre geográfico como elemento de entrada [NR] Desarrollo económico
9 (RLIN) 438
650 04 - ASIENTO SECUNDARIO DE MATERIA - TERMINO TEMATICO [R]
Término temático o nombre geográfico como elemento de entrada [NR] Desarrollo industrial
9 (RLIN) 12970
650 04 - ASIENTO SECUNDARIO DE MATERIA - TERMINO TEMATICO [R]
Término temático o nombre geográfico como elemento de entrada [NR] Factores de producción (Teoría económica)
9 (RLIN) 15531
700 1# - ASIENTO SECUNDARIO - NOMBRE PERSONAL [R]
Nombre personal [NR] Kuznets, S.
9 (RLIN) 181054
700 1# - ASIENTO SECUNDARIO - NOMBRE PERSONAL [R]
Nombre personal [NR] Whitman, Walt
Fechas asociadas con el nombre [NR] 1819-1892
9 (RLIN) 900
765 ## - ASIENTO DE IDIOMA ORIGINAL [R]
Título [NR] Economics of take-off into sustained growth
942 ## - ELEMENTOS DE ENTRADA AGREGADOS (KOHA)
Tipo de ítem principal el descrito en 300a Libro
Tema principal Economía
Edición 1
Parte restante de la signatura top. E194e
Sistema de clasificación DEWEY
Clasificación 338.9
Título oculto en OPAC No
Existencias
Fecha de último préstamo Total préstamos Total Renewals Signatura topográfica Código de barras Última vez visto Ejemplar Costo de reposición Price effective from Tipo de ítem Nota pública (OPAC) Perdido Sistema de clasificación Dañado No prestable Tipo de ítem específico Suprimido Ubicación habitual Ubicación actual Localización Fecha de creación Forma de adquisición Costo
05/09/2016 1 2 338.9 E194e 100115998 04/12/2025 Ej.2 26000.00 03/02/2013 Libro Galería de donantes - Álvaro Daza Roa   DEWEY     Fondos especiales   Claustro Claustro 3er piso 28/02/2011 Donación  
03/02/2012 2   338.9 E194e 100010386 03/12/2025 Ej.1   03/02/2013 Libro     DEWEY     Libro   Claustro Claustro Mezanine 28/02/2003 Compra 200.00